000 00666nam a22002417a 4500
005 20230202154819.0
008 230202b ||||| |||| 00| 0 eng d
040 _cAL
041 _aeng
082 _223
_a658
_bBHUI
100 _aY K Bhushan...[et.al]
_970688
245 _aIndian management Vol 39 No 1
260 _aMumbai
_bBusiness India Group Publication
_c2000
300 _a102p.
_bPB
_c26x18cm.
365 _2Management
440 _vVol 39 No 1
650 _aManagement
_970578
700 _aBHUSHAN (Y K)
_970579
700 _aGUJRAL (Vikrant)
_970580
700 _aMEHTA (Nirav)
_970581
700 _aHOLLENSEN (Svend)
_970683
942 _2ddc
_cDB
999 _c226547
_d226547